1842 1376 1298 1447 1125 1885 1902 1897 1137 1019 1157 1251 1229 1001 1494 1056 1089 1470 1229 1898 1809 1773 1601 1059 1627 1995 1717 1307 1562 1146 1050 1391 1636 1527 1779 1219 1207 1297 1662 1546 1436 1072 1787 1098 1688 1404 1448 1877 1657 1949 1829 1023 1160 1845 1677 1110 1931 1265 1562 1066 1609 1988 1267 1140 1268 1360 1257 1132 1704 1240 1367 1494 1535 1015 1123 1346 1554 1789 1198 1745 1018 1562 1487 1694 1672 1571 1286 1336 1824 1918 1435 1680 1598 1810 1398 1262 1658 1692 1519 BCNSPRNW ULIB Ver.6.0+V

เปลี่ยนเป็นภาษาไทย

Change to English
 แสดงรายละเอียดบรรณานุกรม
  กลับหน้าหลัก

Brief Record : Get Marc (ISO 2709) : E-mail record : QR code < ปิดหน้าต่าง
LEADER : 00000nam 2200000uu 4500
001    13399123429
003     ULIB
008    140916s||||||||th 000 0 tha d
020    9748262693
099    นว.^bส781จ
100 0  โบตั๋น
245 00 ดอกไม้ริมทาง^cโบตั๋น
260    กรุงเทพฯ :^bชมรมเด็ก,^c2538
945    ^p0^l0^i013635
999    ^aเกษร โพธิ์สุวรรณ
รายการนี้ยังไม่มีแท็ก
คุณยังไม่ได้ล็อกอิน คุณสามารถมีกิจกรรมร่วมกับเว็บไซต์ได้ แต่ต้องล็อกอินก่อน ::
  ล็อกอิน

รายการสื่อสารสนเทศ

ลำดับที่ ประเภท เลขเรียก/บาร์โค้ด สถานที่ สถานะ
1. นวนิยาย
นวนิยาย
นว. ส781จ ฉ.1 
  Barcode: 013635
ห้องสมุดวิทยาเขตสวรรค์ประชารักษ์
►นวนิยาย
บนชั้น
  ขอยืม

BibComment


ยังไม่เคยถูกคอมเมนท์

คอมเมนท์ทรัพยากรรายการนี้
  คอมเมนท์: ดอกไม้ริมทาง โบตั๋น


 Copyright 2026. Bcnsprnw @Library